[Event "American Cup Blitz 2026"]
[Site "Saint Louis USA"]
[Date "2026.03.02"]
[Round "9.12"]
[White "Fier, Alexandr"]
[Black "Matviishen, Viktor"]
[Result "0-1"]
[WhiteTitle "GM"]
[BlackTitle "GM"]
[WhiteElo "2572"]
[BlackElo "2533"]
[WhiteFideId "2107139"]
[BlackFideId "14129850"]
[EventDate "2026.03.02"]

1. d4 Nf6 2. Bg5 d5 3. e3 Nbd7 4. Nf3 e6 5. c4 Be7 6. Nc3 O-O 7. Qc2 h6 8. Bf4
c6 9. h3 Qa5 10. Rc1 Ne4 11. Bd3 Nxc3 12. bxc3 b6 13. O-O Ba6 14. Nd2 Rac8 15.
Qb1 c5 16. cxd5 Bxd3 17. Qxd3 exd5 18. dxc5 Nxc5 19. Qb1 Na4 20. Nb3 Qb5 21. Be5
Ba3 22. Rc2 Rfe8 23. Bd4 Qd3 24. Rd2 Qxb1 25. Rxb1 Red8 26. Rd3 Rc6 27. Na1 Bb2
28. Nc2 Bxc3 29. Bxc3 Rxc3 30. Rxc3 Nxc3 31. Rb2 Rc8 32. Nd4 Rc4 33. g4 g6 34.
Kg2 Kg7 35. h4 Ne4 36. f3 Nd6 37. Kg3 Rc3 38. Re2 Nc4 39. Kf4 a6 40. g5 b5 41.
e4 Rd3 42. Nb3 dxe4 43. Rxe4 Nd6 44. Re7 Nf5 45. Ra7 Nxh4 46. gxh6+ Kxh6 47. Nc5
Rd5 48. Ne4 Rf5+ 49. Kg4 Nxf3 50. Rxa6 Ne5+ 51. Kg3 Kg7 52. Nd6 Rf3+ 53. Kg2 Rd3
54. Ne8+ Kh6 55. Ra5 Rd5 56. Nc7 Rc5 57. Na6 Rc2+ 58. Kg3 Rb2 59. Nc7 Nc6 60.
Ra6 Ne5 61. Ra5 Kg7 62. Rxb5 Re2 63. a4 Nc4 64. Rc5 Nd6 65. a5 Ra2 66. a6 Ne4+ 0-1

[Event "American Cup Blitz 2026"]
[Site "Saint Louis USA"]
[Date "2026.03.02"]
[Round "9.13"]
[White "Kantor, Gergely"]
[Black "Hardaway, Brewington"]
[Result "1/2-1/2"]
[WhiteTitle "GM"]
[BlackTitle "GM"]
[WhiteElo "2515"]
[BlackElo "2544"]
[WhiteFideId "751499"]
[BlackFideId "30941849"]
[EventDate "2026.03.02"]

1. e4 e5 2. Nf3 Nc6 3. Bc4 Nf6 4. d3 Be7 5. a4 a5 6. Nc3 d6 7. O-O O-O 8. h3 h6
9. Re1 Re8 10. Bb5 Bd7 11. Ne2 Bf8 12. Ng3 Ne7 13. d4 Ng6 14. c3 c6 15. Bd3 Qc7
16. Be3 Rad8 17. Qd2 d5 18. Qc2 exd4 19. Bxd4 dxe4 20. Nxe4 Nd5 21. Ng3 Ngf4 22.
Bh7+ Kh8 23. Bf5 Bd6 24. Bxd7 Qxd7 25. Nf5 f6 26. g3 Ne6 27. N3h4 Nxd4 28. Nxd4
Qf7 29. Kg2 Bc5 30. Nb3 Bb6 31. Rad1 Kg8 32. Nf5 Qh5 33. Nbd4 Re5 34. Rxe5 fxe5
35. Nf3 Rf8 36. N5h4 Re8 37. Qe4 Qf7 38. Nf5 Nf6 39. Qc2 e4 40. N3d4 Rd8 41. Ne3
Bc7 42. Ndf5 Rf8 43. Rd2 Qe6 44. Nd4 Qf7 45. Ndf5 Qe6 46. Qd1 Nd5 47. Qg4 Nxe3+
48. Nxe3 Qxg4 49. hxg4 Rd8 50. Rxd8+ Bxd8 51. Nc4 Bc7 52. b4 axb4 53. cxb4 b5
54. axb5 cxb5 55. Na3 Bd6 56. Nxb5 Bxb4 57. Nd4 Kf7 58. Nf5 Kf6 59. Kf1 Bc5 60.
Ke2 h5 61. Ne3 hxg4 62. Nxg4+ Kf5 63. Nh2 Bb6 64. Nf1 Bc5 65. Nd2 Bb6 66. Nc4
Bc5 67. Ne3+ Ke5 68. Ng2 Kf5 69. Nf4 Bd6 70. Nd5 Ke5 71. Nc3 Bb4 72. Nd1 Bc5 73.
Nb2 Kd5 74. Nd1 Bd4 75. Ne3+ Ke5 76. Ng4+ Kf5 77. Ne3+ Ke5 78. Ng4+ Kf5 79. Ne3+
Ke5 80. Ng4+ Kf5 81. Ne3+ 1/2-1/2

[Event "American Cup Blitz 2026"]
[Site "Saint Louis USA"]
[Date "2026.03.02"]
[Round "9.14"]
[White "Sonis, Francesco"]
[Black "Boros, Denes"]
[Result "0-1"]
[WhiteTitle "GM"]
[BlackTitle "GM"]
[WhiteElo "2561"]
[BlackElo "2371"]
[WhiteFideId "895733"]
[BlackFideId "722340"]
[EventDate "2026.03.02"]

1. e4 c5 2. c3 g6 3. d4 cxd4 4. cxd4 d5 5. e5 a6 6. h3 Nc6 7. Nf3 Bg7 8. Nc3 f6
9. exf6 Nxf6 10. Bd3 O-O 11. O-O Qd6 12. Re1 Nh5 13. Bc2 Kh8 14. a3 Bd7 15. Ne5
Rad8 16. Nxc6 bxc6 17. Bg5 Rde8 18. Qd2 Nf4 19. Bxf4 Rxf4 20. Ne2 Rf7 21. Bd3 c5
22. Bc2 Ref8 23. Rf1 Qb6 24. Rad1 cxd4 25. Nxd4 Qxb2 26. Nf3 e6 27. a4 Kg8 28.
Qe2 Bxa4 29. Rd2 Bxc2 30. Rxc2 Qf6 31. Rc6 Re7 32. Rxa6 Qf5 33. Rd1 Rd8 34. Nh4
Qe5 35. Qd3 Bf6 36. Nf3 Qc7 37. Re1 Rde8 38. Nh2 Qc4 39. Qxc4 dxc4 40. Rc6 c3
41. Ng4 Bg7 42. Ne3 Rd8 43. Ra1 Kf7 44. Kf1 Bd4 45. Nc2 Bf6 46. Ne3 Rd2 47. Rd1
Red7 48. Rxd2 cxd2 49. Ke2 Bg5 50. Nd1 Rd5 51. Rb6 Re5+ 52. Kd3 Re1 53. Rb1 Rg1
54. g3 h5 55. h4 Bh6 56. Ke2 Kf6 57. Kd3 Re1 58. Kc2 Re5 59. Rb8 Rc5+ 60. Kd3
Kf5 61. Rh8 Bg7 62. Rg8 Bh6 63. Rh8 Bg7 64. Ne3+ Kf6 65. Rd8 Bh6 66. Kxd2 Re5
67. f4 Ra5 68. Ke2 Ra3 69. Rd7 e5 70. Rd6+ Kf7 71. Nc4 Rxg3 72. fxe5 Rg4 73. Kd3
Rxh4 74. Nb6 Bf8 75. Rc6 Rg4 76. e6+ Kg7 77. Nd5 h4 78. Rc7+ Kh6 79. Nf6 Rf4 80.
Rf7 Bd6 81. Rh7+ Kg5 82. Ne4+ Kf5 83. Nxd6+ Kxe6 84. Ne4 Kf5 85. Nd2 g5 86. Ke3
Kg4 87. Ne4 Rf5 88. Nf2+ Kg3 89. Ne4+ Kg4 90. Rh6 Ra5 91. Nf2+ Kg3 92. Ne4+ Kg4
93. Nd2 Rf5 94. Rd6 h3 95. Rh6 Ra5 96. Ne4 Ra3+ 97. Kf2 Kf4 98. Nc5 Ra2+ 99. Kf1
h2 100. Nd3+ Kg3 101. Ne5 h1=Q+ 102. Rxh1 Ra1+ 0-1

[Event "American Cup Blitz 2026"]
[Site "Saint Louis USA"]
[Date "2026.03.02"]
[Round "9.15"]
[White "Aryan, Chopra"]
[Black "Bilych, Oleksii"]
[Result "1-0"]
[WhiteTitle "GM"]
[BlackTitle "IM"]
[WhiteElo "2631"]
[BlackElo "2450"]
[WhiteFideId "5084423"]
[BlackFideId "14156504"]
[EventDate "2026.03.02"]

1. d4 d5 2. c4 e6 3. Nf3 Nf6 4. cxd5 exd5 5. Nc3 c6 6. Bf4 Be7 7. h3 O-O 8. e3
Re8 9. Bd3 Nbd7 10. O-O Nf8 11. Qc2 Ne6 12. Bh2 g6 13. Rab1 a5 14. a3 Ng7 15. b4
axb4 16. axb4 Bf5 17. Ne5 Bd6 18. b5 c5 19. Rfd1 cxd4 20. exd4 Qb6 21. Qb3 Ra3
22. Nxd5 Nxd5 23. Qxd5 Bxe5 24. dxe5 Rd8 25. Qxd8+ Qxd8 26. Bxf5 Qb6 27. Bg4 h5
28. Bd7 h4 29. Bf4 Ne6 30. Rd6 Qc5 31. Bxe6 fxe6 32. Rd8+ Kf7 33. Rbd1 g5 34.
Bxg5 Qxe5 35. Bxh4 Ra1 36. b6 Kg6 37. Bg3 Rxd1+ 38. Rxd1 Qc5 39. Rd6 Kf5 40. h4
e5 41. Rd3 Qxb6 42. Rf3+ Kg4 43. Re3 Qb1+ 44. Kh2 e4 45. Rxe4+ Kf5 46. Re5+ Kf6
47. h5 b5 48. h6 Kg6 49. Bf4 Qa2 50. Rxb5 Qxf2 51. Bg3 Qe3 52. Re5 Qb3 53. Bf4
Qc4 54. g3 Qc2+ 55. Kh3 Qc8+ 56. Kh4 Qd8+ 57. Kg4 Qc8+ 58. Kf3 Qc6+ 59. Ke3 Qc3+
60. Ke2 Qc2+ 61. Ke3 Qc3+ 62. Kf2 Qc2+ 63. Re2 Qc5+ 64. Kg2 Qd5+ 65. Kf2 Qc5+
66. Re3 Qc2+ 67. Kf3 Qc6+ 68. Kf2 Qc2+ 69. Re2 Qc5+ 70. Kf1 Qb5 71. Ke1 Qb1+ 72.
Kf2 Qb6+ 73. Be3 Qf6+ 74. Bf4 Qd4+ 75. Ke1 Qg1+ 76. Kd2 Qd4+ 77. Kc2 Qc4+ 78.
Kd1 Qd4+ 79. Rd2 Qg1+ 80. Ke2 Qg2+ 81. Ke3 Qg1+ 82. Kf3 Qf1+ 83. Kg4 Qb5 84.
Rd6+ Kh7 85. Kh4 Qf5 86. Rc6 Qe4 87. Rc7+ Kh8 88. Kg5 Qd5+ 89. Kf6 Qd4+ 90. Be5
Qg4 91. Kf7+ Kh7 92. Kf8+ Kxh6 93. Bf4+ Kh5 94. Rh7+ Kg6 95. Rg7+ 1-0

[Event "American Cup Blitz 2026"]
[Site "Saint Louis USA"]
[Date "2026.03.02"]
[Round "9.16"]
[White "Bilovil, Bogdan"]
[Black "Rosen, Eric"]
[Result "1-0"]
[WhiteTitle "IM"]
[BlackTitle "IM"]
[WhiteElo "2446"]
[BlackElo "2377"]
[WhiteFideId "14168766"]
[BlackFideId "2032562"]
[EventDate "2026.03.02"]

1. d4 d5 2. c4 e6 3. Nc3 Nf6 4. cxd5 exd5 5. Bf4 Nbd7 6. e3 Bb4 7. Bd3 c5 8. Ne2
O-O 9. O-O Re8 10. a3 Ba5 11. Rc1 c4 12. Bb1 a6 13. Bg5 Bc7 14. h3 h6 15. Bh4
Nf8 16. Bxf6 gxf6 17. Nf4 Bxf4 18. exf4 Ng6 19. f5 Ne7 20. Qg4+ Kh7 21. Rfe1 Rg8
22. Qe2 Nc6 23. Rcd1 b5 24. Qf3 Ne7 25. Rxe7 Qxe7 26. Nxd5 Bb7 27. Nxf6+ Qxf6
28. Qxb7 Rad8 29. Qe4 Rd6 30. g4 Rgd8 31. d5 a5 32. Kg2 R8d7 33. h4 Re7 34. Qf4
Kg8 35. g5 Qe5 36. Qf3 h5 37. f6 Red7 38. Qxh5 Rxf6 39. Qh7+ Kf8 40. Qh8+ Ke7
41. gxf6+ Kd6 42. Qb8+ Rc7 43. Qb6+ Kd7 44. Qxb5+ Kd6 45. Qb6+ Kd7 46. Qd4 Qh5
47. Re1 Rc8 48. Re7+ Kd6 49. Qb6+ Kxd5 50. Be4# 1-0

[Event "American Cup Blitz 2026"]
[Site "Saint Louis USA"]
[Date "2026.03.02"]
[Round "9.17"]
[White "Chirila, Ioan-Cristian"]
[Black "Kavutskiy, Kostya"]
[Result "0-1"]
[WhiteTitle "GM"]
[BlackTitle "IM"]
[WhiteElo "2506"]
[BlackElo "2330"]
[WhiteFideId "1211668"]
[BlackFideId "2026384"]
[EventDate "2026.03.02"]

1. d4 Nf6 2. c4 g6 3. Nc3 Bg7 4. Nf3 d6 5. Bg5 h6 6. Bh4 c5 7. e3 g5 8. Bg3 Nh5
9. Be2 O-O 10. Qc2 Nxg3 11. hxg3 cxd4 12. exd4 e6 13. O-O-O Nc6 14. Qe4 f5 15.
Qe3 Qf6 16. d5 exd5 17. cxd5 Ne5 18. Nd4 f4 19. gxf4 gxf4 20. Qe4 Bd7 21. Bh5 b5
22. Kb1 b4 23. Nce2 Nc4 24. Qd3 Bb5 25. Qb3 Na5 26. Qxb4 Bxe2 27. Bxe2 Rab8 28.
Qxa5 Rfe8 29. Bc4 Re4 30. Qd2 a5 31. Nb3 a4 32. Bd3 axb3 33. a3 Ra4 34. Rhe1
Rxa3 35. Re6 Qd4 36. Bh7+ Kxh7 37. Qxd4 Bxd4 38. Rxd4 Ra5 39. Rxf4 Rxd5 40. Re7+
Kg6 41. Re1 Rd2 42. Rf3 d5 43. Kc1 Rc2+ 44. Kb1 Rd2 45. Kc1 Rc2+ 46. Kb1 Rd2 47.
Re6+ Kg7 48. Re7+ Kg6 49. Re6+ Kg7 50. Rc6 Rd1+ 51. Rc1 Rd2 52. Rg3+ Kf7 53.
Rf3+ Kg7 54. Rc7+ Kg6 55. Kc1 Re2 56. Rcc3 Ra8 57. Kb1 Re1+ 58. Rc1 Re2 59. Rxb3
Rxf2 60. Rg3+ Kf7 61. Rd1 Rb8 62. b3 Ke6 63. Re3+ Kd6 64. Rh3 Rxg2 65. Rxh6+ Kc5
66. Rh3 d4 67. Rh5+ Kb4 68. Rd5 Kc3 69. R5xd4 Rb2+ 70. Kc1 Rc2+ 71. Kb1 Rxb3+
72. Ka1 Ra3+ 73. Kb1 Rb2+ 0-1

[Event "American Cup Blitz 2026"]
[Site "Saint Louis USA"]
[Date "2026.03.02"]
[Round "9.18"]
[White "Boyer, Mahel"]
[Black "Cordova, Emilio"]
[Result "0-1"]
[WhiteTitle "GM"]
[BlackTitle "GM"]
[WhiteElo "2486"]
[BlackElo "2494"]
[WhiteFideId "45102422"]
[BlackFideId "3801497"]
[EventDate "2026.03.02"]

1. e4 c5 2. d3 e6 3. g3 b5 4. Bg2 Bb7 5. f4 h5 6. Nf3 h4 7. Nxh4 Rxh4 8. gxh4
Qxh4+ 9. Kf1 Nf6 10. Be3 Nc6 11. Nd2 Ng4 12. Bg1 Nf6 13. Be3 Ng4 14. Bg1 Nf6 15.
Qf3 Nd4 16. Bxd4 cxd4 17. Qg3 Qh6 18. Qg5 Nh5 19. Qxh6 gxh6 20. e5 Bxg2+ 21.
Kxg2 Rc8 22. Kf3 Rxc2 23. Ne4 f5 24. Ng3 Nxf4 25. Nxf5 Nxd3 26. Nxd4 Rxb2 27.
Rhb1 Nxe5+ 28. Ke4 Rxh2 29. Rxb5 Rh4+ 30. Ke3 Nc4+ 31. Kd3 Bg7 32. Nf3 Rf4 33.
Rf1 Ke7 34. Ke2 Nb6 35. Ra5 Nd5 36. Rxa7 e5 37. Nd2 Nc3+ 38. Ke3 Rg4 39. Kd3 e4+
40. Kc2 e3 41. Nf3 Rf4 42. Kd3 e2 43. Re1 Rxf3+ 44. Kd2 h5 45. Ra5 Bh6+ 46. Kc2
Rh3 47. a4 d5 48. Ra7+ Kf8 49. a5 d4 50. a6 d3+ 51. Kb2 d2 52. Ra8+ Kf7 53. a7
dxe1=Q 54. Rf8+ Bxf8 0-1

[Event "American Cup Blitz 2026"]
[Site "Saint Louis USA"]
[Date "2026.03.02"]
[Round "9.19"]
[White "Rorrer, Grayson"]
[Black "Stremavicius, Titas"]
[Result "1-0"]
[WhiteTitle "IM"]
[BlackTitle "GM"]
[WhiteElo "2415"]
[BlackElo "2547"]
[WhiteFideId "30944996"]
[BlackFideId "12804444"]
[EventDate "2026.03.02"]

1. e4 e6 2. d4 d5 3. Nd2 c5 4. exd5 exd5 5. Ngf3 Nc6 6. Bb5 Qe7+ 7. Be2 Qc7 8.
O-O Nf6 9. Re1 cxd4 10. Nb3 Bb4 11. Bd2 Bxd2 12. Qxd2 O-O 13. Nfxd4 Qb6 14. Bf3
Bd7 15. a4 Rad8 16. a5 Qc7 17. Nxc6 bxc6 18. Nc5 Bg4 19. Qd3 Bxf3 20. Qxf3 Qb8
21. Qc3 d4 22. Qa3 Qb5 23. Nd3 Rd5 24. Qa4 Re8 25. Rxe8+ Nxe8 26. Qxb5 Rxb5 27.
Ra4 Kf8 28. Rxd4 Rxa5 29. g3 Ke7 30. Re4+ Kd8 31. Ne5 Ra1+ 32. Kg2 Nd6 33. Rg4
g6 34. Nxc6+ Kc7 35. Nb4 a5 36. Nd5+ Kc6 37. Ne3 a4 38. Rd4 f5 39. h4 Ra2 40.
Rb4 Ne4 41. g4 Nd6 42. gxf5 gxf5 43. Kf3 a3 44. bxa3 Rxa3 45. Kf4 Ra5 46. Rd4
Rc5 47. Rd3 Rb5 48. Rc3+ Kd7 49. Rd3 Ke6 50. Rb3 Ra5 51. Rb6 Ra4+ 52. Kg5 Kd7
53. Nxf5 Ne4+ 54. Kh6 Nxf2 55. Rd6+ Kc7 56. Rd4 Ra5 57. Ng3 Rc5 58. c4 Re5 59.
Kxh7 Kc6 60. Kg6 Kc5 61. Rf4 Nd3 62. Rg4 Re6+ 63. Kf5 Re5+ 64. Kf6 Re8 65. h5
Ne5 66. Rg5 Kd4 67. Ne2+ Ke4 68. Nc3+ Kf4 69. Nd5+ 1-0

[Event "American Cup Blitz 2026"]
[Site "Saint Louis USA"]
[Date "2026.03.02"]
[Round "9.20"]
[White "Gazik, Viktor"]
[Black "Kiolbasa, Oliwia"]
[Result "1/2-1/2"]
[WhiteTitle "GM"]
[BlackTitle "IM"]
[WhiteElo "2537"]
[BlackElo "2397"]
[WhiteFideId "14928752"]
[BlackFideId "1154613"]
[EventDate "2026.03.02"]

1. e4 e5 2. Nf3 Nc6 3. c3 d5 4. Qa4 Qd6 5. d3 Nf6 6. Be2 Bd7 7. Qc2 h6 8. b4 a6
9. a4 g6 10. O-O Bg7 11. Ba3 b5 12. axb5 axb5 13. c4 dxc4 14. dxc4 Ne7 15. cxb5
O-O 16. Rd1 Qb6 17. Nc3 Be6 18. Na4 Rxa4 19. Qxa4 Nxe4 20. Rf1 Nc3 21. Qc2 e4
22. Nh4 Nxe2+ 23. Qxe2 Bxa1 24. Rxa1 g5 25. Bb2 gxh4 26. Qh5 Kh7 27. Qe5 Nf5 28.
Ra6 Qb7 29. Rc6 Qc8 30. Rxc7 Qd8 31. h3 Qd5 32. Qf4 Rg8 33. Rc5 Qd1+ 34. Kh2 Qe2
35. Rxf5 Qxb2 36. Rf6 Rg6 37. Rxg6 fxg6 38. Qxe4 Bf5 39. Qb7+ Qg7 40. Qb8 Qe7
41. b6 Be4 42. f3 Bb7 43. b5 h5 44. Qf4 Qd7 45. Qe5 Qf7 46. Kg1 Qd7 47. Kh2 Qf7
48. Kg1 Qd7 49. Kh2 Qf7 50. Kg1 Qd7 1/2-1/2

[Event "American Cup Blitz 2026"]
[Site "Saint Louis USA"]
[Date "2026.03.02"]
[Round "9.21"]
[White "Pyrih, Roman"]
[Black "Celik, Hasan Huseyin"]
[Result "1-0"]
[WhiteTitle "IM"]
[BlackTitle "IM"]
[WhiteElo "2403"]
[BlackElo "2495"]
[WhiteFideId "14179156"]
[BlackFideId "44506759"]
[EventDate "2026.03.02"]

1. Nc3 Nc6 2. e4 e6 3. d4 d5 4. e5 Bd7 5. f4 f6 6. Nf3 Nh6 7. Bd3 Nb4 8. Be2 Nf5
9. O-O Be7 10. a3 Nc6 11. Bd3 Ncxd4 12. Nxd4 Nxd4 13. Qh5+ Kf8 14. f5 Nxf5 15.
Bxf5 exf5 16. exf6 Bxf6 17. Nxd5 Bd4+ 18. Be3 Bxe3+ 19. Nxe3 g6 20. Qh6+ Kg8 21.
Rad1 Qe7 22. Nd5 Qg7 23. Qg5 Be6 24. Nf4 Qf7 25. Rfe1 Re8 26. Re5 h6 27. Qxg6+
Qxg6 28. Nxg6 Rh7 29. Rde1 Bf7 30. Rxe8+ Bxe8 31. Rxe8+ Kf7 32. Rb8 Kxg6 33.
Rxb7 Rd7 34. h3 a5 35. Ra7 Kg5 36. Rxa5 Kf4 37. Rc5 h5 38. Rc3 h4 39. a4 Rd1+
40. Kh2 Ra1 41. b3 Rc1 42. Rxc7 Ke3 43. Rc3+ Kf2 44. Rf3+ Ke2 45. Rxf5 Rxc2 46.
Rf4 Rb2 47. Rxh4 Rxb3 48. Rf4 Ra3 49. h4 Rc3 50. h5 Rc5 51. Rh4 Rc8 52. h6 Rh8
53. h7 Ke3 54. a5 1-0

[Event "American Cup Blitz 2026"]
[Site "Saint Louis USA"]
[Date "2026.03.02"]
[Round "9.22"]
[White "Lee, Alice"]
[Black "Mikaelyan, Arman"]
[Result "1-0"]
[WhiteTitle "IM"]
[BlackTitle "GM"]
[WhiteElo "2399"]
[BlackElo "2494"]
[WhiteFideId "30941822"]
[BlackFideId "13304852"]
[EventDate "2026.03.02"]

1. Nf3 Nf6 2. c4 g6 3. b3 Bg7 4. Bb2 O-O 5. g3 b6 6. Bg2 Bb7 7. O-O d6 8. d4 e6
9. b4 a5 10. a3 Nbd7 11. Nc3 Ne4 12. Qd3 Nxc3 13. Bxc3 axb4 14. axb4 Qe7 15. e4
c5 16. dxc5 bxc5 17. Bxg7 Kxg7 18. b5 Nb6 19. Nd2 Kg8 20. Nb3 Rxa1 21. Rxa1 Ra8
22. Rxa8+ Bxa8 23. e5 d5 24. Na5 Qa7 25. Qd2 d4 26. Bf1 Nd7 27. f4 Be4 28. Bg2
Qa8 29. Nc6 Qa1+ 30. Kf2 Bxg2 31. Kxg2 Nb6 32. Qa5 Qxa5 33. Nxa5 f6 34. exf6 Kf7
35. Kf3 Kxf6 36. Ke4 Ke7 37. Kd3 Na4 38. Nc6+ Kd6 39. Ne5 Kc7 40. Ke4 Nb2 41. h3
Nd1 42. Nd3 Kd6 43. b6 Nc3+ 44. Kf3 Na4 45. b7 Kc7 46. Ke4 Kxb7 47. Ke5 Kb6 48.
Kxe6 Kc6 49. g4 Nb6 50. Ne5+ Kc7 51. f5 gxf5 52. gxf5 Kd8 53. Kf7 Nd7 54. Nd3
Nb6 55. Nxc5 Kc8 56. Kg7 Nxc4 57. f6 Kc7 58. Ne6+ Kd6 59. Nxd4 Ne5 60. f7 Nd7
61. Kxh7 Ke5 62. Nc6+ Kf6 63. Kg8 Ke6 64. Nd4+ Kf6 65. Nf3 Ke7 66. Kg7 Ke6 1-0

[Event "American Cup Blitz 2026"]
[Site "Saint Louis USA"]
[Date "2026.03.02"]
[Round "9.23"]
[White "Can, Isik"]
[Black "Budisavljevic, Luka"]
[Result "1/2-1/2"]
[WhiteTitle "GM"]
[BlackTitle "GM"]
[WhiteElo "2562"]
[BlackElo "2501"]
[WhiteFideId "6383742"]
[BlackFideId "960047"]
[EventDate "2026.03.02"]

1. Nf3 Nf6 2. g3 g6 3. Bg2 Bg7 4. O-O O-O 5. c4 c5 6. d4 cxd4 7. Nxd4 d5 8. cxd5
Nxd5 9. Nc3 Nb6 10. Nb3 Nc6 11. Bf4 Bf5 12. Qxd8 Rfxd8 13. Rfd1 Rxd1+ 14. Rxd1
Rd8 15. Rc1 Rc8 16. Rd1 Rd8 17. Rc1 Rc8 18. Rd1 Rd8 19. Rc1 1/2-1/2

[Event "American Cup Blitz 2026"]
[Site "Saint Louis USA"]
[Date "2026.03.02"]
[Round "9.24"]
[White "Heimann, Mark"]
[Black "Putnam, Liam"]
[Result "1/2-1/2"]
[WhiteTitle "GM"]
[BlackTitle "IM"]
[WhiteElo "2511"]
[BlackElo "2485"]
[WhiteFideId "2028441"]
[BlackFideId "30938279"]
[EventDate "2026.03.02"]

1. d4 Nf6 2. c4 e6 3. Nf3 d5 4. Bg5 dxc4 5. e3 b5 6. a4 c6 7. Nc3 Bb4 8. Ne5 h6
9. Bh4 Bb7 10. Be2 Nbd7 11. Nxd7 Qxd7 12. Bxf6 gxf6 13. O-O a6 14. Bf3 O-O 15.
Ne4 Qe7 16. b3 f5 17. Ng3 cxb3 18. Qxb3 Bd6 19. e4 Bxg3 20. hxg3 fxe4 21. Bxe4
Rfd8 22. Rfd1 Qf6 23. Qc3 Rac8 24. Qc5 Rd7 25. Rac1 bxa4 26. Ra1 Rcd8 27. Rxa4
e5 28. Rb4 Ba8 29. Rd3 Rxd4 30. Rbxd4 Rxd4 31. Qa7 Rxd3 32. Bxd3 Qd8 33. Bc4 Qf8
34. Bxf7+ Qxf7 35. Qxa8+ Kg7 36. Qxc6 Qf6 37. Qb7+ Kg6 38. g4 Qd6 39. Qe4+ Kg7
40. Qb7+ Kg8 41. Qc8+ Kf7 42. Qf5+ Ke8 43. Qc8+ Ke7 44. Qb7+ Kd8 45. Qa8+ Ke7
46. Qb7+ Kf8 47. Qc8+ Kf7 48. Qf5+ Kg7 49. g5 Qd1+ 50. Kh2 Qh5+ 51. Kg1 Qxg5 52.
Qd7+ Kg6 53. Qd3+ Qf5 54. Qxa6+ Kg7 55. Qb7+ Kg6 56. Qc6+ Kg7 57. Qd5 Kh7 58. f3
Kg7 59. Kf2 Qf4 60. Qd7+ Kg6 61. Qe6+ Kg7 62. Qd7+ Kg6 63. Qe6+ Kg7 64. Qe7+ Kg6
65. Qe6+ 1/2-1/2

[Event "American Cup Blitz 2026"]
[Site "Saint Louis USA"]
[Date "2026.03.02"]
[Round "9.25"]
[White "Dudin, Gleb"]
[Black "Krush, Irina"]
[Result "1/2-1/2"]
[WhiteTitle "GM"]
[BlackTitle "GM"]
[WhiteElo "2596"]
[BlackElo "2402"]
[WhiteFideId "34184934"]
[BlackFideId "2012782"]
[EventDate "2026.03.02"]

1. e4 c5 2. c3 d5 3. exd5 Qxd5 4. d4 Nf6 5. Nf3 e6 6. Bd3 Be7 7. O-O O-O 8. dxc5
Rd8 9. Bc2 Qxc5 10. Qe2 b6 11. c4 Bb7 12. Nc3 Nbd7 13. b3 Qh5 14. Bf4 Nc5 15.
Rad1 h6 16. h3 Rxd1 17. Rxd1 Rd8 18. Rxd8+ Bxd8 19. Nd4 Qxe2 20. Ndxe2 Nfe4 21.
f3 Nxc3 22. Nxc3 a6 23. b4 Nd7 24. Be3 Be7 25. a3 a5 26. Na2 axb4 27. axb4 f5
28. Kf1 Kf7 29. Ke2 g5 30. Ba4 Ne5 31. Bb5 Bd8 32. Nc3 Bc6 33. Bxc6 Nxc6 34. b5
Ne5 35. c5 bxc5 36. Bxc5 Nd7 37. Be3 e5 38. Kd3 Ke6 39. Kc4 Kd6 40. Na4 Ba5 41.
Bc5+ Nxc5 42. Nxc5 Bb6 43. Na4 Bf2 44. Nc3 Ba7 45. Nd5 Bf2 46. Nf6 Ke6 47. Ng8
h5 48. g4 fxg4 49. fxg4 hxg4 50. hxg4 e4 51. Nh6 Ke5 52. Nf5 Bb6 53. Ne7 Bc7 54.
Nd5 Bd8 55. b6 Bxb6 56. Nxb6 Kf4 57. Kd4 Kxg4 58. Kxe4 Kh3 59. Kf5 g4 60. Nd5 g3
61. Nf4+ Kh2 62. Kg5 g2 63. Nxg2 Kxg2 1/2-1/2

[Event "American Cup Blitz 2026"]
[Site "Saint Louis USA"]
[Date "2026.03.02"]
[Round "9.26"]
[White "Alexakis, Dimitris"]
[Black "Li, Rachael"]
[Result "0-1"]
[WhiteTitle "GM"]
[BlackTitle "WIM"]
[WhiteElo "2538"]
[BlackElo "2358"]
[WhiteFideId "4277023"]
[BlackFideId "30929849"]
[EventDate "2026.03.02"]

1. e4 c5 2. Nf3 d6 3. d4 cxd4 4. Nxd4 Nf6 5. f3 e5 6. Nb3 Be6 7. c4 a5 8. Be3 a4
9. N3d2 Nc6 10. Nc3 a3 11. b3 Be7 12. Be2 O-O 13. O-O Nd7 14. Nb5 Nc5 15. Nb1 f5
16. exf5 Bxf5 17. N1c3 Nb4 18. Rc1 Kh8 19. Qd2 Rf6 20. Kh1 Rg6 21. Nd5 Nbd3 22.
Rc3 e4 23. b4 exf3 24. Bxf3 Ne4 25. Bxe4 Bxe4 26. Rxd3 Rxg2 27. Qxg2 Bxg2+ 28.
Kxg2 Qc8 29. Rd4 Qe6 30. Rf3 Rf8 31. Rxf8+ Bxf8 32. Rf4 Qg6+ 33. Kf3 Qh5+ 34.
Ke4 Qg6+ 35. Kd4 Qe8 36. Nbc7 Qe5+ 37. Kd3 Kg8 38. Nb5 g5 39. Rf2 Bg7 40. Bd4
Qe6 41. Bxg7 Kxg7 42. Nd4 Qh3+ 43. Ke2 Qh5+ 44. Nf3 0-1

[Event "American Cup Blitz 2026"]
[Site "Saint Louis USA"]
[Date "2026.03.02"]
[Round "9.27"]
[White "Tang, Zoey"]
[Black "Kacharava, Nikolozi"]
[Result "0-1"]
[WhiteTitle "FM"]
[BlackTitle "GM"]
[WhiteElo "2356"]
[BlackElo "2501"]
[WhiteFideId "30952530"]
[BlackFideId "13611860"]
[EventDate "2026.03.02"]

1. d4 d6 2. Nf3 Nf6 3. Bf4 Nh5 4. Bg5 h6 5. Bh4 g5 6. Bg3 Bg7 7. e3 c5 8. c3 Qb6
9. Qc2 Nc6 10. Nbd2 Be6 11. Bd3 Rc8 12. Nc4 Qd8 13. O-O g4 14. Nh4 cxd4 15. exd4
Nxg3 16. hxg3 b5 17. Ne3 Nxd4 18. Qd1 Nc6 19. Nhf5 Be5 20. Qxg4 Qd7 21. Ng7+ Kd8
22. Nxe6+ fxe6 23. Bxb5 Bf6 24. Qf3 Ne5 25. Bxd7 Nxf3+ 26. gxf3 Kxd7 27. Kg2 a5
28. a4 Rb8 29. Rab1 Rhc8 30. Rh1 Rb3 31. Ng4 Bg7 32. Nxh6 Rh8 33. Ng4 Rxh1 34.
Rxh1 Rxb2 35. Ne3 Ra2 36. Nc4 Bxc3 37. Rc1 Bd4 38. Nxa5 Rxf2+ 39. Kh3 Rxf3 40.
Nc4 d5 41. Nd2 Rd3 42. Rc2 e5 43. Ra2 e4 44. a5 Be3 45. Nf1 Ba7 46. a6 Ke6 47.
Rb2 Ra3 48. Kg4 Rxa6 49. Rh2 Ra1 50. Nd2 Ra2 51. Rh6+ Ke5 52. Nb3 e3 53. Rh5+
Ke4 54. Rh7 e5 55. Rh1 e2 56. Nc1 Rc2 57. Re1 Rxc1 58. Rxe2+ Be3 59. Kh3 d4 0-1

[Event "American Cup Blitz 2026"]
[Site "Saint Louis USA"]
[Date "2026.03.02"]
[Round "9.28"]
[White "Wang, Tianqi"]
[Black "Munkhdalai, Amilal"]
[Result "1/2-1/2"]
[WhiteTitle "IM"]
[BlackTitle "IM"]
[WhiteElo "2331"]
[BlackElo "2455"]
[WhiteFideId "2063824"]
[BlackFideId "4903250"]
[EventDate "2026.03.02"]

1. Nf3 Nf6 2. c4 e6 3. e3 b6 4. Be2 Bb7 5. Qc2 Be7 6. b3 O-O 7. Bb2 d6 8. d3
Nbd7 9. Nbd2 c5 10. a3 d5 11. O-O Rc8 12. Rac1 Qc7 13. h3 Qb8 14. Rfe1 Rfe8 15.
Qb1 e5 16. cxd5 Bxd5 17. Bf1 Bf8 18. Ng5 h6 19. Nge4 Nxe4 20. dxe4 Be6 21. Bc4
Bxc4 22. bxc4 b5 23. cxb5 Qxb5 24. Qc2 c4 25. a4 Qa6 26. Bc3 Nc5 27. Ra1 Nd3 28.
Reb1 Red8 29. Rb5 Qe6 30. Rab1 Rd7 31. Nf3 f6 32. Nd2 f5 33. exf5 Qxf5 34. Nf3
Bd6 35. Qe2 Rf8 36. e4 Qe6 37. Kh2 Bc5 38. Rxc5 Nxc5 39. Nxe5 Rc7 40. Qc2 Nd3
41. Nxd3 cxd3 42. Qxd3 Rxf2 43. Rb8+ Kh7 44. e5+ Qf5 45. Qxf5+ Rxf5 46. Bd4 Rf4
47. Rd8 a6 48. e6 Re4 49. Rd6 Rc4 50. Bb6 Rxa4 51. Bd8 Ra2 52. e7 Ree2 53. Kg3
Rxg2+ 54. Kf3 Rgf2+ 55. Kg3 Rg2+ 56. Kf3 Raf2+ 57. Ke3 Re2+ 58. Kf3 Rgf2+ 59.
Kg3 Rf6 60. e8=Q Rxe8 61. Bxf6 gxf6 62. Rxa6 Kg6 63. Ra5 Re3+ 64. Kg2 f5 65.
Ra6+ Kg5 66. Ra4 Re4 67. Ra3 Kh4 68. Rb3 Re2+ 69. Kg1 Rd2 70. Rf3 Rd5 71. Kg2 h5
72. Rf4+ Kg5 73. Ra4 f4 74. Kf3 Rd3+ 75. Kg2 Rg3+ 76. Kh2 Re3 77. Kg2 Rg3+ 78.
Kh2 h4 79. Ra8 Kf5 80. Rf8+ Ke4 81. Rh8 Ke3 82. Rxh4 Rg8 83. Rh7 f3 84. Re7+ Kf2
85. h4 Rg2+ 86. Kh3 Rg3+ 87. Kh2 Rg4 88. Kh3 Rg1 89. h5 Rg3+ 90. Kh4 Rg1 91. h6
Rh1+ 92. Kg5 Kg2 93. Rf7 f2 94. Kg6 f1=Q 95. Rxf1 Kxf1 96. h7 Rxh7 97. Kxh7 1/2-1/2